| 000 | 00888nam a2200301Ma 4500 | ||
|---|---|---|---|
| 999 |
_c1414 _d1414 |
||
| 001 | ocn757324676 | ||
| 003 | TZ-ArACH | ||
| 005 | 20190322103025.0 | ||
| 008 | 100215s2009 be 000 0 fre d | ||
| 020 | _a9782801100875 | ||
| 035 | _a(OCoLC)757324676 | ||
| 040 |
_aUQ1 _bfre _cTZ-ArACH |
||
| 041 | _aFre | ||
| 049 | _aTZAA | ||
| 050 | 1 | 4 |
_aPC2105 _b.G74 |
| 100 | 1 |
_aGrevisse, Maurice, _d1895-1980. _93344 |
|
| 245 | 1 | 3 |
_aPetit Grevisse : grammaire française _bgrammaire française / _cMaurice Grevisse. |
| 250 |
_a32e éd. rev. / _bpar Marc Lits. |
||
| 260 |
_aBruxelles : _bde boeck duculot, _c2009. |
||
| 300 |
_a383 p. ; _c23 cm. |
||
| 490 | 0 | _aGrevisse langue française | |
| 650 | 7 |
_aFrançais (Langue) _93345 |
|
| 650 | 7 |
_aFrench (language) _93346 |
|
| 650 | 7 |
_aGrammaire. _93347 |
|
| 650 | 7 |
_aGrammar _93348 |
|
| 700 | 1 |
_aLits, Marc, _d1953- _93349 |
|
| 942 |
_2lcc _cBOOK |
||